<?xml version="1.0" encoding="UTF-8"?>
<record
    xmlns:xsi="http://www.w3.org/2001/XMLSchema-instance"
    xsi:schemaLocation="http://www.loc.gov/MARC21/slim http://www.loc.gov/standards/marcxml/schema/MARC21slim.xsd"
    xmlns="http://www.loc.gov/MARC21/slim">

  <leader>00805cam a2200205   4500</leader>
  <controlfield tag="001">BIIH004751</controlfield>
  <controlfield tag="008">       1991                        spa  </controlfield>
  <datafield tag="020" ind1=" " ind2=" ">
    <subfield code="a">968-496-185-5</subfield>
  </datafield>
  <datafield tag="035" ind1=" " ind2=" ">
    <subfield code="a">BIIH004751</subfield>
  </datafield>
  <datafield tag="050" ind1=" " ind2="4">
    <subfield code="a">HN120 .H8 </subfield>
    <subfield code="b">E53 1991</subfield>
  </datafield>
  <datafield tag="110" ind1="2" ind2=" ">
    <subfield code="a">Encuentro de Investigadores de la Huasteca (4 : 1988 ? : Tlalpan, M&#xE9;xico)</subfield>
  </datafield>
  <datafield tag="245" ind1=" " ind2="0">
    <subfield code="a">Cuextecapan, lugar de bastimentos /</subfield>
    <subfield code="c">Agustin Avila M&#xE9;ndez, Jes&#xFA;s Ruvalcaba Mercado, coord.</subfield>
  </datafield>
  <datafield tag="260" ind1=" " ind2=" ">
    <subfield code="a">M&#xE9;xico :</subfield>
    <subfield code="b">CIESAS, Cuadernos de la Casa Chata,</subfield>
    <subfield code="c">1991</subfield>
  </datafield>
  <datafield tag="300" ind1=" " ind2=" ">
    <subfield code="a">236 p. ;</subfield>
    <subfield code="c">23 cm.</subfield>
  </datafield>
  <datafield tag="650" ind1=" " ind2="4">
    <subfield code="a">Regi&#xF3;n Huasteca (M&#xE9;xico)</subfield>
    <subfield code="x">Condiciones Sociales</subfield>
    <subfield code="x">Congresos</subfield>
  </datafield>
  <datafield tag="650" ind1=" " ind2="4">
    <subfield code="a">Regi&#xF3;n Huasteca (M&#xE9;xico)</subfield>
    <subfield code="x">Condiciones Econ&#xF3;micas</subfield>
    <subfield code="x">Congresos</subfield>
  </datafield>
  <datafield tag="700" ind1="1" ind2=" ">
    <subfield code="a">&#xC1;vila M&#xE9;ndez, Agust&#xED;n, coord.</subfield>
  </datafield>
  <datafield tag="700" ind1="1" ind2=" ">
    <subfield code="a">Ruvalcaba Mercado, Jes&#xFA;s,coord.</subfield>
  </datafield>
  <datafield tag="942" ind1=" " ind2=" ">
    <subfield code="2">lcc</subfield>
    <subfield code="c">LIB</subfield>
  </datafield>
  <datafield tag="999" ind1=" " ind2=" ">
    <subfield code="c">67673</subfield>
    <subfield code="d">67673</subfield>
  </datafield>
  <datafield tag="952" ind1=" " ind2=" ">
    <subfield code="1">0</subfield>
    <subfield code="2">lcc</subfield>
    <subfield code="4">0</subfield>
    <subfield code="7">0</subfield>
    <subfield code="a">INV-033</subfield>
    <subfield code="b">INV-033</subfield>
    <subfield code="c">GENERAL</subfield>
    <subfield code="d">2018-09-03</subfield>
    <subfield code="f">1a ed. </subfield>
    <subfield code="i">H</subfield>
    <subfield code="k">CSA</subfield>
    <subfield code="o">HN120 .H8 E53 1991</subfield>
    <subfield code="p">IIH000025608</subfield>
    <subfield code="r">2018-09-03 00:00:00</subfield>
    <subfield code="t">C:1</subfield>
    <subfield code="y">LIB</subfield>
  </datafield>
</record>
